000 01176nam a2200241 a 4500
001 84000
003 BD-RjUL
005 20240917145317.0
008 240917s2006 bg a|||| m||| 00| 0 eng d
035 _a(BD-RjUL)84000
040 _aBD-RjUL
_beng
_cBD-RjUL
_dBD-RjUL
041 _aeng
082 _223
_a658.408
_bKAS 2006
100 _aKarim, Md. Nizamul
_913520
245 1 0 _aSocial Responsibility of Private Sector Business in Bangladesh :
_bA Study of Selected Enterprises /
_cBy Md. Nizamul Karim ;
_6Supervisor : M. Zainul Abedin
260 _aRajshahi :
_bInstitute of Bangladesh Studies, University of Rajshahi,
_c2006
300 _axxvi, 275 Leaves :
_bill, ;
_c29 cm.
502 _aThesis (Ph. D.) -- Institute of Bangladesh Studies, University of Rajshahi, 2006
504 _aBibliography : Leaves [243]-256
650 _a Management
_vSocial Responsibility
_913521
700 _aAbedin, M. Zainul, Supervisor
_91323
942 _2ddc
_cTHE
999 _c84000
_d84000